MARC

LEADER 00000nas a2200000 a 4500
001 ssj0066275
003 WaSeSS
005 20200512172242.0
006 m d
007 cr n
008 081022c20089999alu x s | a0eng c
010 |a  2008214793 
022 |l 1944-1207  |y 1944-1207 
035 |a (WaSeSS)ssj0066275 
037 |b Center for Community-Based Partnerships, The University of Alabama, Box 870372, Tuscaloosa, AL 35487  |c $50.00 (single issue) 
040 |a NSD  |b eng  |c NSD  |d NSD  |d DLC  |d CUS  |d OCLCQ  |d OCLCF  |d OCLCO  |d WaSeSS 
042 |a pcc  |a nsdp 
043 |a n-us--- 
050 0 0 |a LC221  |b .J68 
082 1 0 |a 378.1  |2 14 
222 0 |a Journal of community engagement and scholarship 
245 0 0 |a Journal of community engagement and scholarship  |h [electronic resource]. 
260 |a Tuscaloosa, AL :  |b University of Alabama 
310 |a Irregular 
362 1 |a Began with v. 1, no. 1 (fall 2008). 
506 |a License restrictions may limit access. 
588 |a Description based on first issue; title from title page. 
650 0 |a Service learning  |z United States. 
650 0 |a Community and college  |z United States. 
650 0 |a Education, Higher  |x Aims and objectives  |z United States. 
650 7 |a Community and college.  |2 fast  |0 (OCoLC)fst00870663 
650 7 |a Education, Higher  |x Aims and objectives.  |2 fast  |0 (OCoLC)fst00903015 
650 7 |a Service learning.  |2 fast  |0 (OCoLC)fst01431330 
651 7 |a United States.  |2 fast  |0 (OCoLC)fst01204155 
655 0 |a Electronic journals. 
710 2 |a University of Alabama. 
850 |a DLC 
856 4 0 |z Full text available from Research Library: 10/01/2008 to present  |u https://search.proquest.com/publication/53167